Central Library OPAC University of Rajshahi

Land tenure in Islam, 630 A.D.-1951 A.D. : (Record no. 38245)

MARC details
000 -LEADER
fixed length control field 00937nam a2200253 a 4500
001 - CONTROL NUMBER
control field 38245
003 - CONTROL NUMBER IDENTIFIER
rucl marc code BD-RjUL
005 - DATE AND TIME OF LATEST TRANSACTION
control field 20211209052745.0
008 - FIXED-LENGTH DATA ELEMENTS--GENERAL INFORMATION
fixed length control field 190402s1952 egp 000 0 eng d
035 ## - SYSTEM CONTROL NUMBER
System control number 38350
040 ## - CATALOGING SOURCE
Original cataloging agency CStRLIN
Language of cataloging eng
Transcribing agency BD-RjUL
Modifying agency BD-RjUL
041 ## - LANGUAGE CODE
Language code of text/sound track or separate title eng
082 ## - DEWEY DECIMAL CLASSIFICATION NUMBER
Edition number 23
Classification number 333.3
Author mark and year HEL 1952
100 1# - MAIN ENTRY--PERSONAL NAME
Personal name Heyworth-Dunne, Gamal-Eddine
9 (RLIN) 229941
245 10 - TITLE STATEMENT
Title Land tenure in Islam, 630 A.D.-1951 A.D. :
Remainder of title with a translation of shaikh Muhammad Hasanayn Makhluf's Fatwa on private property dated 18th April 1948 /
Statement of responsibility, etc. by Gamal-Eddine Heyworth-Dunne.
260 ## - PUBLICATION, DISTRIBUTION, ETC. (IMPRINT)
Place of publication, distribution, etc. Cairo:
Name of publisher, distributor, etc. The Renaissance Bookshop,
Date of publication, distribution, etc. 1952
300 ## - PHYSICAL DESCRIPTION
Pagination 49 p. ;
Size 24 cm
490 1# - SERIES STATEMENT
Series statement The Muslim world series ;
Volume/sequential designation no. 3
650 #0 - SUBJECT ADDED ENTRY--TOPICAL TERM
Topical term or geographic name as entry element Land tenure
Geographic subdivision Asia.
9 (RLIN) 229937
Topical term or geographic name as entry element Land tenure (Islamic law).
9 (RLIN) 229938
700 1# - ADDED ENTRY--PERSONAL NAME
Personal name Makhluf, Shaikh Muhammad Hasanain ,
Dates associated with a name 1890- , tr.
830 #0 - SERIES ADDED ENTRY--UNIFORM TITLE
Uniform title Muslim world series ;
Volume number/sequential designation no. 3.
942 ## - ADDED ENTRY ELEMENTS (KOHA)
Source of classification or shelving scheme Dewey Decimal Classification
Koha item type Rare Books
Holdings
Lost status Source of classification or shelving scheme Damaged status Not for loan Collection code Permanent Location Current Location Shelving location Date acquired Cost, normal purchase price Total Checkouts Full call number Date last seen Copy number Koha item type
  Dewey Decimal Classification   Not For Loan Rare Books Central Library, University of Rajshahi Central Library, University of Rajshahi Rare Book Section 01/12/1966 6.06   RA 333.3 HEL 1952 02/04/2019 C-1 Rare Books